Country Names in Hindi - Statistics

General Stats
  • This quiz has been taken 41 times
  • The average score is 13 of 20
Answer Stats
Hindi English % Correct
भारत India
97%
चीन China
78%
फ्रांस France
76%
ब्राज़ील Brazil
73%
दक्षिण अफ्रीका South Africa
73%
ऑस्ट्रेलिया Australia
70%
संयुक्त राज्य अमेरिका United States
70%
पापुआ न्यू गिनी Papua New Guinea
68%
पुर्तगाल Portugal
68%
रूस Russia
68%
सिंगापुर Singapore
68%
तुर्की Turkey
68%
कनाडा Canada
65%
इटली Italy
65%
कज़ाकिस्तान Kazakhstan
65%
सायप्रस Cyprus
62%
कांगो गणराज्य Republic of the Congo
62%
सेंट किट्स और नेविस St Kitts and Nevis
57%
मिस्र Egypt
51%
यूनान Greece
35%
No matching quizzes found
Score Distribution
Percent of People with Each Score
Percentile by Number Answered
Your Score History
You have not taken this quiz